Decidim, a Technopolitical Network for Participatory Democracy (Record no. 81095)

MARC details
000 -LEADER
fixed length control field 03362namaa2200409uu 4500
001 - CONTROL NUMBER
control field doab134086
003 - CONTROL NUMBER IDENTIFIER
control field oapen
005 - DATE AND TIME OF LATEST TRANSACTION
control field 20260218110437.0
006 - FIXED-LENGTH DATA ELEMENTS--ADDITIONAL MATERIAL CHARACTERISTICS
fixed length control field m o d
007 - PHYSICAL DESCRIPTION FIXED FIELD--GENERAL INFORMATION
fixed length control field cr|mn|---annan
008 - FIXED-LENGTH DATA ELEMENTS--GENERAL INFORMATION
fixed length control field 240214s2024 xx |||||o ||| 0|eng d
020 ## - INTERNATIONAL STANDARD BOOK NUMBER
International Standard Book Number 978-3-031-50784-7
020 ## - INTERNATIONAL STANDARD BOOK NUMBER
International Standard Book Number 9783031507830
020 ## - INTERNATIONAL STANDARD BOOK NUMBER
International Standard Book Number 9783031507847
024 7# - OTHER STANDARD IDENTIFIER
Standard number or code 10.1007/978-3-031-50784-7
Source of number or code doi
040 ## - CATALOGING SOURCE
Original cataloging agency oapen
Transcribing agency oapen
Modifying agency
041 0# - LANGUAGE CODE
Language code of text/sound track or separate title eng
042 ## - AUTHENTICATION CODE
Authentication code dc
245 00 - TITLE STATEMENT
Title Decidim, a Technopolitical Network for Participatory Democracy
Remainder of title Philosophy, Practice and Autonomy of a Collective Platform in the Age of Digital Intelligence
260 ## - PUBLICATION, DISTRIBUTION, ETC.
Place of publication, distribution, etc. Cham
Name of publisher, distributor, etc. Springer Nature
Date of publication, distribution, etc. 2024
300 ## - PHYSICAL DESCRIPTION
Extent 1 online resource (133 p.)
336 ## - CONTENT TYPE
Content type term text
Content type code txt
Source rdacontent
337 ## - MEDIA TYPE
Media type term computer
Media type code c
Source rdamedia
338 ## - CARRIER TYPE
Carrier type term online resource
Carrier type code cr
Source rdacarrier
490 1# - SERIES STATEMENT
Series statement SpringerBriefs in Political Science
506 0# - RESTRICTIONS ON ACCESS NOTE
Standardized terminology for access restriction Unrestricted online access
Source of term star
520 ## - SUMMARY, ETC.
Summary, etc. This Open Access book explains the philosophy, design principles, and community organization of Decidim and provides essential insights into how the platform works. Decidim is the world leading digital infrastructure for participatory democracy, built entirely and collaboratively as free software, and used by more than 500 institutions with over three million users worldwide. The platform allows any organization (government, association, university, NGO, neighbourhood, or cooperative) to support multitudinous processes of participatory democracy. In a context dominated by corporate-owned digital platforms, in the era of increasing social structuring via Artificial Intelligence, Decidim stands as a public or community owned platform for collective human intelligence. Yet, the project is much more than its technological features. Decidim is in itself a crossroad of the various dimensions of the networked society, a detailed practical map of its complexities and conflicts. The authors distinguish three general dimensions of the project: (1) the political - shedding light on the democratic model that Decidim promotes and its impact on public policies and organizations, (2) the technopolitical - explaining how this technology is democratically designed and managed to produce and protect certain political effects, and (3) the technical - presenting the conditions of production, operation, and success of the project. This book systematically covers those three levels in an academically sound, technologically consistent, and politically innovative manner. Serving as a useful resource and handbook for the use of Decidim, it will not only appeal to students and scholars interested in participatory and digital democracy but also to professionals, policy-makers, and a wider audience interested in learning more about the Decidim platform. This is an open access book.
540 ## - TERMS GOVERNING USE AND REPRODUCTION NOTE
Terms governing use and reproduction Creative Commons
-- by-sa/4.0/
-- cc
Uniform Resource Identifier <a href="http://creativecommons.org/licenses/by-sa/4.0/">http://creativecommons.org/licenses/by-sa/4.0/</a>
546 ## - LANGUAGE NOTE
Language note English
720 1# - ADDED ENTRY--UNCONTROLLED NAME
Name Barandiaran, Xabier E.
Relator code aut
720 1# - ADDED ENTRY--UNCONTROLLED NAME
Name Calleja-López, Antonio
Relator code aut
720 1# - ADDED ENTRY--UNCONTROLLED NAME
Name Monterde, Arnau
Relator code aut
720 1# - ADDED ENTRY--UNCONTROLLED NAME
Name Romero, Carol
Relator code aut
793 0# -
-- DOAB Library.
856 ## - ELECTRONIC LOCATION AND ACCESS
Uniform Resource Identifier <a href="https://docs.google.com/spreadsheets/d/1yKIrdCPDAG_9c22mwoOIO2DOhtj65Wqa/edit?usp=sharing&ouid=106555315294820607512&rtpof=true&sd=true ">https://docs.google.com/spreadsheets/d/1yKIrdCPDAG_9c22mwoOIO2DOhtj65Wqa/edit?usp=sharing&ouid=106555315294820607512&rtpof=true&sd=true </a>
Link text List of Curated E-Books
942 ## - ADDED ENTRY ELEMENTS (KOHA)
Koha item type E-Book
Holdings
Withdrawn status Damaged status Not for loan Home library Current library Date acquired Total Checkouts Date last seen Price effective from Koha item type
      Directory of Open Access Books Directory of Open Access Books 12/09/2024   12/09/2024 12/09/2024 E-Book

University of Rizal System
Email us at univlibservices@urs.edu.ph

Visit our Website www.urs.edu.ph/library